书目信息 |
| 题名: |
中外古今笑话幽默大全
|
|
| 作者: | 邹敏文 主编 | |
| 分册: | ||
| 出版信息: | 南昌 百花洲文艺出版社 1997.10 |
|
| 页数: | 710页 | |
| 开本: | 32开 | |
| 丛书名: | ||
| 单 册: | ||
| 中图分类: | ||
| 科图分类: | ||
| 主题词: | 民间文学--作品集--世界 | |
| 电子资源: | ||
| ISBN: | 7-80579-191-0 | |
| 000 | 00615nam0 2200205 45 | |
| 001 | 9909241789 | |
| 005 | 19990924175557.6 | |
| 010 | @a7-80579-191-0@d23.00元 | |
| 100 | @a19990924d1997 km y0chiy0120 ea | |
| 101 | @achi | |
| 105 | @a z 000yy | |
| 200 | 1 | @a中外古今笑话幽默大全@AZhong Wai Gu Jin Xiao Hua You Mo Da Quan@f邹敏文,文化林主编@FZou Min Wen,Wen Hua Lin Zhu Bian |
| 210 | @a南昌@c百花洲文艺出版社@d1997.10 | |
| 215 | @a710页@d32开 | |
| 606 | 0 | @a民间文学@x作品集@x世界 |
| 690 | @v3 | |
| 690 | @aI17 | |
| 701 | @a邹敏文@4主编 | |
| 801 | @aCN@bPFTUser@c19990924 | |
| 905 | @f2@b40970-971@dI17@eZH866 | |
| 中外古今笑话幽默大全/邹敏文,文化林主编.-南昌:百花洲文艺出版社,1997.10 |
| 710页;32开 |
| ISBN 7-80579-191-0:23.00元 |
| ● |
| 相关链接 |
|
|
|
正题名:中外古今笑话幽默大全
索取号:I17/ZH866
 
预约/预借
| 序号 | 登录号 | 条形码 | 馆藏地/架位号 | 状态 | 备注 |
| 1 | 40970 | 200409708 | 文学库108/ [索取号:I17/ZH866] | 在馆 | |
| 2 | 40971 | 200409717 | 文学库108/ [索取号:I17/ZH866] | 在馆 |